000 00506nam a22001697a 4500
010 _aENG-115396
020 _a9789331320827
_c1495.00
035 _aEN-98928
037 _bDBAD/PUB
082 _a155.25
100 _aKrishna Kumar Singh
245 _aPersonality development /
_cKrishna Kumar Singh
260 _aNew Delhi
_bA.P.H. Publishing
_c2013
270 _a4435-36/7,Ansari Road,Daryaganj
_bNew Delhi
_e110002
300 _ax,201p.
_c22cm(Hb)
942 _2ddc
_cEN
_h155.25
_mKRI
999 _c101235
_d101235